Statistics for Top 20 Yankees: All-Time Home Run Leaders

Click here to take the quiz!

General Stats

  • This quiz has been taken 9,225 times
    (4,959 since last reset)
  • The average score is 11 of 20

Answer Stats

HRTenurePlayer% Correct
6591920–1934Babe Ruth
99%
2601995–2014Derek Jeter
87%
2572016–Aaron Judge
86%
3512004–2013, 2015–2016Alex Rodriguez
85%
5361951–1968Mickey Mantle
83%
4931923–1939Lou Gehrig
79%
3611936–1942, 1946–1951Joe Dimaggio
74%
3581946–1963Yogi Berra
64%
2871991–2006Bernie Williams
57%
2031960–1966Roger Maris
57%
2221982–1995Don Mattingly
48%
2751995–2011Jorge Posada
48%
2062009–2016Mark Teixeira
41%
2092002–2008Jason Giambi
36%
1851993–2001Paul O'Neill
35%
2042005–2013Robinson Cano
34%
1921996–2001, 2005Tino Martinez
30%
2051981–1988, 1990Dave Winfield
29%
2501973–1982Graig Nettles
23%
2021928–1943, 1946Bill Dickey
18%

Score Distribution

Percentile by Number Answered

Percent of People with Each Score

Your Score History

You have not taken this quiz since the last reset